[Event "AUTO-ADV-1477"]
[Site "http://www.queenalice.com/game.php?id=654653"]
[Date "2009.9.18"]
[Round "1"]
[White "Datalcar"]
[Black "Ayr_United"]
[Result "1-0"]
[WhiteElo "1917"]
[BlackElo "1705"]

1. d4 e6 2. c4 g6 3. Nc3 Nf6 4. e4 d6 5. Nf3 Bg7 6. Bf4 O-O 7. e5 dxe5 8. dxe5
Qxd1+ 9. Rxd1 Nfd7 10. Nb5 Na6 11. Bd3 Ndc5 12. Be2 Bd7 13. Be3 Bc6 14. Nxc7
Rad8 15. Bxc5 Nxc5 16. O-O Bxf3 17. Bxf3 Bxe5 18. b4 Nd3 19. Nb5 Nxb4 20. Nxa7
Nxa2 21. Bxb7 Rxd1 22. Rxd1 Nc3 23. Rd7 Ne4 24. Bxe4 Rb8 25. Nc6 Ra8 26. Ne7+
Kg7 27. Bxa8 Kf6 28. c5 g5 29. c6 h5 30. c7 1-0

[Event "Challenge"]
[Site "http://www.queenalice.com/game.php?id=683125"]
[Date "2009.11.14"]
[Round "-"]
[White "thedead"]
[Black "Ayr_United"]
[Result "1-0"]
[WhiteElo "1673"]
[BlackElo "1695"]

1. e4 e5 2. Nf3 Nf6 3. d3 Nc6 4. h3 d5 5. Nbd2 dxe4 6. dxe4 Bb4 7. c3 Bc5 8. Be2
Bxf2+ 9. Kxf2 Be6 10. Rf1 Nh5 11. Kg1 Nf4 12. Kh2 Qf6 13. Nc4 Rd8 14. Qc2 g5 15.
Ng1 Qh6 16. Bxf4 gxf4 17. Rad1 Rg8 18. Rxd8+ Kxd8 19. Nf3 Rg3 20. Ng1 Qg5 21.
Bd3 Ne7 22. Rf3 Ng6 23. Qd2 Kc8 24. Qf2 Nh4 25. Rxg3 fxg3+ 26. Qxg3 Qxg3+ 27.
Kxg3 Ng6 28. Nf3 b5 29. Ncxe5 a6 30. b3 Nxe5 31. Nxe5 c5 32. c4 b4 33. Kh4 f6
34. Nf3 Bf7 35. e5 fxe5 36. Nxe5 Be6 37. Bxh7 Kd8 38. Nd3 Bc8 39. Nxc5 a5 40. g4
Ke8 41. Bf5 Bxf5 42. gxf5 Kf7 43. Nb7 Kf6 44. Kg4 1-0

[Event "AUTO-OPEN-1791"]
[Site "http://www.queenalice.com/game.php?id=695135"]
[Date "2009.12.9"]
[Round "1"]
[White "reginaldox"]
[Black "Ayr_United"]
[Result "0-1"]
[WhiteElo "1718"]
[BlackElo "1683"]

1. b4 e5 2. Bb2 Bxb4 3. Bxe5 Qg5 4. Nf3 Qf5 5. Bxg7 f6 6. Bxh8 d5 7. e3 Nc6 8.
c3 Bd6 9. Be2 Be6 10. d4 O-O-O 11. O-O Nh6 12. Bg7 Ng4 13. Bd3 Qh5 14. Nbd2
Bxh2+ 15. Kh1 Bg3+ 16. Kg1 Rg8 17. Bxf6 Bd6 18. Be5 Ncxe5 19. dxe5 Bxe5 20. g3
Nxe3 21. fxe3 Bxg3 22. Qe2 Bh3 23. Ng5 Qxg5 24. Nf3 Qg7 25. Kh1 Bxf1 26. Qxf1
Qxc3 27. Bf5+ Kb8 28. Rc1 Qxe3 29. Rd1 c6 30. Rd3 Qh6+ 31. Kg2 Bh4+ 32. Kh2 Be7+
33. Bh3 Bd6+ 34. Kh1 Rg3 35. Ng1 Rg5 36. Rf3 Bc5 37. Ne2 a6 38. Rg3 Re5 39. Kg2
Qd2 40. Rg8+ Ka7 41. Qf3 Rxe2+ 42. Kg3 Bd6+ 0-1

[Event "AUTO-OPEN-1791"]
[Site "http://www.queenalice.com/game.php?id=695136"]
[Date "2009.12.9"]
[Round "1"]
[White "Ayr_United"]
[Black "reginaldox"]
[Result "0-1"]
[WhiteElo "1700"]
[BlackElo "1682"]

1. e4 c5 2. Nf3 d6 3. e5 Bg4 4. Be2 Nc6 5. exd6 exd6 6. O-O Be7 7. h3 Bh5 8. d3
Nf6 9. Ng5 Bxe2 10. Qxe2 O-O 11. Nc3 Nd4 12. Qd2 h6 13. Nge4 a6 14. Nxf6+ Bxf6
15. Nd5 Re8 16. c3 Ne2+ 17. Kh1 Bg5 18. Ne3 Nxc1 19. Raxc1 d5 20. d4 cxd4 21.
Qxd4 Bf6 22. Qg4 Rc8 23. Nf5 Re4 24. Nxh6+ Kf8 25. Qh5 gxh6 26. Qxh6+ Bg7 27.
Qd2 Qd7 28. Rfe1 Rce8 29. f3 Rxe1+ 30. Rxe1 Re6 31. Rxe6 fxe6 32. Qf4+ Ke8 33.
Qb8+ Ke7 34. Qg8 Kd6 35. Qb8+ Qc7 36. Qe8 Bf6 37. Qf8+ Be7 38. Qf4+ Kd7 39. Qf7
Qd6 40. h4 Kc6 41. h5 Bg5 42. Qe8+ Kb6 43. Qg8 Qe7 44. Qg6 Be3 45. h6 Qh4# 0-1

[Event "AUTO-OPEN-1791"]
[Site "http://www.queenalice.com/game.php?id=695156"]
[Date "2009.12.9"]
[Round "1"]
[White "Ayr_United"]
[Black "paulogaspar"]
[Result "0-1"]
[WhiteElo "1687"]
[BlackElo "2105"]

1. e4 e6 2. d4 d5 3. e5 c5 4. Bb5+ Bd7 5. Bxd7+ Nxd7 6. Nf3 cxd4 7. Qxd4 Bc5 8.
Qa4 Qb6 9. O-O Ne7 10. Bg5 Rd8 11. b3 O-O 12. Qh4 Ng6 13. Qh5 Rc8 14. Nbd2 Ndxe5
15. Rac1 f6 16. Be3 Bxe3 17. Nxe5 Bxd2 18. Nd7 Qa5 19. Nxf8 Bxc1 20. Qxh7+ Kxf8
21. Rxc1 Kf7 22. Qh5 Qd2 23. Qd1 Qxd1+ 24. Rxd1 Rxc2 25. a3 Rb2 26. Rc1 Rxb3 27.
g3 Ne5 28. Rc7+ Kg6 29. a4 Rb2 30. h4 Ng4 31. Kg2 Nxf2 32. Kf3 Ne4 33. Kg4 Rg2
34. h5+ Kh6 35. Rxb7 Rxg3+ 36. Kh4 Rg1 37. Rxg7 Kxg7 38. h6+ Kxh6 39. a5 f5 40.
Kh3 f4 41. Kh2 Rg5 42. Kh3 f3 43. Kh2 f2 44. a6 f1=N+ 45. Kh3 Nf2+ 46. Kh4 Rh5#
0-1

[Event "AUTO-OPEN-1791"]
[Site "http://www.queenalice.com/game.php?id=695165"]
[Date "2009.12.9"]
[Round "1"]
[White "Fhassuo"]
[Black "Ayr_United"]
[Result "0-1"]
[WhiteElo "1502"]
[BlackElo "1678"]

1. d4 d5 2. Nc3 Nf6 3. h3 e6 4. a3 c5 5. dxc5 Bxc5 6. b4 Bd6 7. f3 O-O 8. e4
Bg3+ 9. Ke2 d4 10. Nb5 Nc6 11. Bg5 e5 12. c3 d3+ 13. Qxd3 Qxd3+ 14. Kxd3 Bd7 15.
Nd6 b6 16. Ne2 Nh5 17. Nf5 Bxf5 18. exf5 f6 19. Be3 Rfd8+ 20. Kc2 a5 21. b5 Ne7
22. Bxb6 Rdb8 23. Be3 Rxb5 24. c4 Rb7 25. Nc3 Nxf5 26. Nd5 Rc8 27. c5 Nxe3+ 28.
Nxe3 Rxc5+ 29. Kd3 Rd7+ 30. Ke4 Rd4+ 31. Kf5 g6+ 32. Ke6 Nf4+ 33. Kxf6 Bh4# 0-1

[Event "AUTO-OPEN-1791"]
[Site "http://www.queenalice.com/game.php?id=695166"]
[Date "2009.12.9"]
[Round "1"]
[White "Ayr_United"]
[Black "Fhassuo"]
[Result "1-0"]
[WhiteElo "1693"]
[BlackElo "1262"]

1. e4 e5 2. Nf3 Qf6 3. d4 Nc6 4. d5 Nd4 5. Bg5 Qb6 6. b3 Bb4+ 7. c3 f6 8. Be3
Nxf3+ 9. gxf3 Bxc3+ 10. Nxc3 Qb4 11. Bd2 c6 12. dxc6 dxc6 13. Nd5 Qd6 14. Bb4 c5
15. Bc3 a6 16. Ba5 Ne7 17. Nc7+ Kf8 18. Qxd6 g5 19. Qxf6+ Kg8 20. Bc4+ Nd5 21.
Bxd5+ Be6 22. Bxe6# 1-0

[Event "QA-ANNIV-05"]
[Site "http://www.queenalice.com/game.php?id=723732"]
[Date "2010.2.1"]
[Round "3"]
[White "jeudes2"]
[Black "Ayr_United"]
[Result "0-1"]
[WhiteElo "1741"]
[BlackElo "1683"]

1. d4 e6 2. c4 Nf6 3. Nf3 d5 4. Nc3 dxc4 5. e3 Bb4 6. Bxc4 O-O 7. O-O Bxc3 8.
bxc3 Ne4 9. Qc2 Nd6 10. Bd3 Nc6 11. Bxh7+ Kh8 12. Bd3 g6 13. e4 a6 14. Qd2 g5
15. Nxg5 Rg8 16. Nxe6 Qf6 17. d5 Ne5 18. Nxc7 Ra7 19. f4 Nxd3 20. Qxd3 Qg7 21.
Qh3+ Bxh3 0-1

[Event "AUTO-ADV-1670"]
[Site "http://www.queenalice.com/game.php?id=738151"]
[Date "2010.2.26"]
[Round "1"]
[White "rusoma"]
[Black "Ayr_United"]
[Result "1-0"]
[WhiteElo "1748"]
[BlackElo "1699"]

1. e4 e5 2. Nf3 Nc6 3. Bc4 f6 4. d4 d6 5. dxe5 Nxe5 6. Nxe5 fxe5 7. Qh5+ g6 8.
Qf3 Nf6 9. Bg5 Bg7 10. O-O Qe7 11. Nc3 Bg4 12. Qe3 Qf8 13. Nb5 Qe7 14. Nxa7 c6
15. Qb6 Rb8 16. Nxc6 Qd7 17. Nxb8 Qc8 18. Bb5+ Kf7 19. Qxd6 Rd8 20. Qxe5 Be6 21.
Rad1 h6 22. Rxd8 Qxd8 23. Bxf6 Bxf6 24. Qf4 Ke7 25. c3 Bxa2 26. e5 Bg7 27. Nd7
Be6 28. Nc5 Qd5 29. Nxe6 Kxe6 30. Bc4 Bxe5 31. Bxd5+ Kxd5 32. Rd1+ Ke6 33. Re1
1-0

[Event "AUTO-ADV-1670"]
[Site "http://www.queenalice.com/game.php?id=738152"]
[Date "2010.2.26"]
[Round "1"]
[White "Ayr_United"]
[Black "rusoma"]
[Result "0-1"]
[WhiteElo "1685"]
[BlackElo "1762"]

1. e4 e5 2. Nc3 Nc6 3. Nf3 Nf6 4. Bb5 a6 5. Bxc6 dxc6 6. Nxe5 Bb4 7. d3 Qd4 8.
Nf3 Bxc3+ 9. Bd2 Bxd2+ 10. Nxd2 O-O 11. Rb1 Ng4 12. O-O Ne5 13. Nb3 Qd6 14. d4
Ng4 15. g3 c5 16. Nxc5 b6 17. Nb3 Bb7 18. d5 c6 19. Qxg4 cxd5 20. Rbd1 Rae8 21.
Rfe1 f5 22. exf5 Rxe1+ 23. Rxe1 d4 24. Qg5 Qd5 25. Kf1 Qh1+ 26. Ke2 Re8+ 27. Kd3
Qxe1 28. f6 Qe4+ 29. Kc4 b5+ 30. Kb4 d3+ 31. Kc3 b4+ 32. Kd2 Qe2+ 0-1

[Event "AUTO-ADV-1670"]
[Site "http://www.queenalice.com/game.php?id=738167"]
[Date "2010.2.26"]
[Round "1"]
[White "Ayr_United"]
[Black "regivaldo"]
[Result "0-1"]
[WhiteElo "1666"]
[BlackElo "1789"]

1. e4 e5 2. d4 d6 3. d5 g6 4. c4 h5 5. Nf3 c5 6. Bd3 Bg4 7. Be2 Bh6 8. Bxh6 Nxh6
9. Ng5 Qxg5 10. O-O O-O 11. Nc3 Bh3 12. Bf3 f5 13. Nb5 fxe4 14. Bxe4 Ng4 15. Re1
Nxf2 16. Qf3 Rxf3 17. Bxf3 Nd3 18. Nc7 Bxg2 19. Bxg2 Nf4 20. Kf2 Qxg2+ 21. Ke3
Qh3+ 22. Kd2 Qxh2+ 23. Kd1 Nd3 24. Re2 Qg1+ 25. Kd2 Qxa1 26. Kxd3 Na6 27. Nxa8
Nb4+ 28. Ke3 Qc1+ 29. Kf2 Qf4+ 30. Ke1 Nd3+ 0-1

[Event "AUTO-ADV-1670"]
[Site "http://www.queenalice.com/game.php?id=738168"]
[Date "2010.2.26"]
[Round "1"]
[White "regivaldo"]
[Black "Ayr_United"]
[Result "1-0"]
[WhiteElo "1798"]
[BlackElo "1655"]

1. e4 e5 2. Nf3 d6 3. c4 c5 4. Qb3 b6 5. a4 a5 6. Na3 Na6 7. d3 Nb4 8. Nb5 Be7
9. h4 Nf6 10. g3 O-O 11. Nh2 Bd7 12. Be2 Bxb5 13. cxb5 d5 14. g4 dxe4 15. dxe4
Nxe4 16. Bf3 Nd3+ 17. Ke2 Qd4 18. Be3 Qxb2+ 19. Qxb2 Nxb2 20. Bxe4 Rad8 21. Nf3
Nc4 22. Rad1 Nxe3 23. fxe3 Rxd1 24. Rxd1 f6 25. Rd7 Re8 26. h5 c4 27. Rc7 Bc5
28. Bd5+ Kf8 29. Rf7+ Kg8 30. Rxf6+ Kh8 31. Re6 Rd8 32. Nxe5 h6 33. Nf7+ Kg8 34.
Nxd8 c3 35. Re8+ Kh7 36. Be4+ g6 37. hxg6+ 1-0

[Event "AUTO-ADV-1670"]
[Site "http://www.queenalice.com/game.php?id=738169"]
[Date "2010.2.26"]
[Round "1"]
[White "Ayr_United"]
[Black "Erychess"]
[Result "0-1"]
[WhiteElo "1645"]
[BlackElo "1928"]

1. d3 d5 2. Nf3 Nf6 3. Bg5 Nbd7 4. e4 dxe4 5. Bxf6 Nxf6 6. Ne5 Qd4 7. Nxf7 Kxf7
8. c3 Qd6 9. d4 e5 10. Bc4+ Be6 11. Bxe6+ Qxe6 12. O-O exd4 13. Qxd4 Bd6 14. Nd2
Rhe8 15. Rfe1 b6 16. f3 Bc5 17. Qxc5 bxc5 18. g4 e3 19. Nf1 e2 20. Ng3 Qe3+ 21.
Kg2 Qd2 22. g5 Qxg5 23. a4 h5 24. Kf2 Qe3+ 25. Kg2 h4 26. Nf5 Qg5+ 27. Kf2 Qxf5
28. b4 Ne4+ 29. Kg2 h3+ 0-1

[Event "AUTO-ADV-1670"]
[Site "http://www.queenalice.com/game.php?id=738170"]
[Date "2010.2.26"]
[Round "1"]
[White "Erychess"]
[Black "Ayr_United"]
[Result "1/2-1/2"]
[WhiteElo "1925"]
[BlackElo "1637"]

1. e4 d6 2. d4 g6 3. Bc4 Nc6 4. Nf3 Bg7 5. O-O Bg4 6. Bxf7+ Kd7 7. Bxg8 Rxg8 8.
d5 Bxf3 9. Qxf3 Ne5 10. Qh3+ Ke8 11. Qxh7 Kf8 12. Bh6 Qe8 13. Bxg7+ Rxg7 14. Qh4
c6 15. f4 Nc4 16. b3 Ne3 17. Rf2 cxd5 18. exd5 Nxd5 19. Nd2 Rc8 20. c4 Ne3 21.
Nf3 d5 22. Nd4 dxc4 23. bxc4 Rxc4 24. Ne6+ Kf7 25. Nxg7 Kxg7 26. Re2 Nf5 27. Qg5
e6 28. Rae1 Nd4 29. Re4 Qb5 30. Qe7+ Kg8 31. Qd8+ Kg7 32. Rxd4 Qc5 33. Qe7+ Qxe7
34. Rxc4 Kh6 35. Rce4 Qc5+ 36. Kh1 b5 37. Rxe6 Qc2 38. g4 Qf2 39. f5 Qf3+ 40.
Kg1 Qxg4+ 41. Kh1 Qxf5 42. R6e5 Qf3+ 43. Kg1 Qg4+ 44. Kf2 Qf4+ 45. Kg2 Qg4+
1/2-1/2

[Event "AUTO-OPEN-1894"]
[Site "http://www.queenalice.com/game.php?id=738421"]
[Date "2010.2.27"]
[Round "1"]
[White "leiva2"]
[Black "Ayr_United"]
[Result "1-0"]
[WhiteElo "2095"]
[BlackElo "1701"]

1. e4 e5 2. Nf3 d6 3. d4 Qe7 4. Nc3 Bg4 5. Be2 Bxf3 6. Bxf3 Nc6 7. Nd5 Qd7 8.
dxe5 Nxe5 9. O-O O-O-O 10. Be3 Nxf3+ 11. Qxf3 b6 12. Nb4 c6 13. c4 d5 14. Rfd1
Bxb4 15. cxd5 Nf6 16. dxc6 Qxc6 17. Rdc1 1-0

[Event "AUTO-OPEN-1894"]
[Site "http://www.queenalice.com/game.php?id=738422"]
[Date "2010.2.27"]
[Round "1"]
[White "Ayr_United"]
[Black "leiva2"]
[Result "0-1"]
[WhiteElo "1672"]
[BlackElo "2097"]

1. e4 d5 2. e5 c5 3. f4 Nc6 4. Bb5 Bd7 5. Nc3 e6 6. Qg4 Nd4 7. Bxd7+ Qxd7 8. Nf3
Nxc2+ 9. Kf2 Nxa1 10. d4 Nh6 11. Qg3 Nf5 12. Qh3 cxd4 13. Ne2 d3 14. Ned4 Bc5
15. Be3 Nxe3 16. Kxe3 Nc2+ 17. Kxd3 Nxd4 18. Nxd4 Bxd4 19. Qg4 Qa4 20. Qxg7
O-O-O 21. Rc1+ Kb8 22. Qxf7 Bb6 23. b3 Qe4+ 24. Kd2 Be3+ 25. Kd1 Qd3+ 0-1

[Event "AUTO-OPEN-1894"]
[Site "http://www.queenalice.com/game.php?id=738435"]
[Date "2010.2.27"]
[Round "1"]
[White "dante72"]
[Black "Ayr_United"]
[Result "1-0"]
[WhiteElo "1846"]
[BlackElo "1644"]

1. d4 e6 2. e3 d5 3. a3 Nf6 4. f3 Bd6 5. Nc3 O-O 6. Bd3 e5 7. Bd2 Nc6 8. Nge2
Re8 9. O-O e4 10. fxe4 Nxe4 11. Nxe4 dxe4 12. Bc4 Rf8 13. Qe1 Qg5 14. Nf4 Bxf4
15. Rxf4 Na5 16. Ba2 Nc6 17. Qf2 Bh3 18. Bd5 Be6 19. Bxc6 bxc6 20. Bb4 Rfb8 21.
b3 a5 22. Bc5 h5 23. Rxe4 Bf5 24. Rf4 Be6 25. Rf1 f5 26. h4 Qf6 27. e4 g6 28.
Qg3 Kh7 29. e5 Qf7 30. a4 Rg8 31. Qg5 Bd7 32. Re1 Be6 33. c4 Rad8 34. Rd1 Qd7
35. Rd3 Rg7 36. Rf1 Qf7 37. Qxd8 g5 38. hxg5 Rxg5 39. Qxg5 1-0

[Event "AUTO-OPEN-1894"]
[Site "http://www.queenalice.com/game.php?id=738436"]
[Date "2010.2.27"]
[Round "1"]
[White "Ayr_United"]
[Black "dante72"]
[Result "0-1"]
[WhiteElo "1653"]
[BlackElo "1835"]

1. e4 e5 2. d4 Qe7 3. d5 g6 4. Nf3 d6 5. Bg5 f6 6. Be3 Bh6 7. Bxh6 Nxh6 8. Bb5+
c6 9. dxc6 bxc6 10. Ba4 Ba6 11. Nc3 O-O 12. Bb3+ Kg7 13. Qd2 Nd7 14. O-O-O Nc5
15. Ba4 Nxa4 16. Nxa4 Rfd8 17. h3 Bb5 18. Nc3 Nf7 19. Nxb5 cxb5 20. g4 g5 21. h4
h6 22. hxg5 fxg5 23. b4 Qb7 24. Qe3 Rac8 25. a3 Qc6 26. Rd2 Nh8 27. Qxa7+ Rd7
28. Qe3 Ng6 29. Nxg5 hxg5 30. Qxg5 Qxe4 31. Qh6+ Kf6 32. g5+ Ke6 33. f3 Qf5 34.
Rf2 Rdc7 35. Rhh2 Rh8 36. Qxg6+ Qxg6 37. Rxh8 Qxg5+ 38. Kb1 Qg1+ 0-1

[Event "QA-ANNIV-05"]
[Site "http://www.queenalice.com/game.php?id=758922"]
[Date "2010.4.10"]
[Round "4"]
[White "Ayr_United"]
[Black "bananaman"]
[Result "0-1"]
[WhiteElo "1640"]
[BlackElo "1953"]

1. e4 c5 2. Bc4 Nc6 3. Nf3 e6 4. d4 cxd4 5. Nxd4 Nxd4 6. Qxd4 Ne7 7. Bg5 Qa5+ 8.
Nc3 Qxg5 9. O-O Nc6 10. Qd3 Ne5 11. Qd4 Nf3+ 0-1

[Event "Challenge"]
[Site "http://www.queenalice.com/game.php?id=777585"]
[Date "2010.5.19"]
[Round "-"]
[White "Agildo"]
[Black "Ayr_United"]
[Result "1-0"]
[WhiteElo "1798"]
[BlackElo "1636"]

1. d4 e6 2. e4 d5 3. Nc3 Bb4 4. e5 Bxc3+ 5. bxc3 Ne7 6. Bd3 O-O 7. Nf3 b6 8. O-O
c5 9. c4 Nbc6 10. cxd5 cxd4 11. dxc6 Nxc6 12. Be4 Bb7 13. Bxc6 Bxc6 14. Qxd4
Bxf3 15. Qxd8 Rfxd8 16. gxf3 Rac8 17. Bg5 Rd5 18. f4 Rxc2 19. Bh4 1-0

[Event "Challenge"]
[Site "http://www.queenalice.com/game.php?id=777587"]
[Date "2010.5.19"]
[Round "-"]
[White "Ayr_United"]
[Black "Agildo"]
[Result "0-1"]
[WhiteElo "1626"]
[BlackElo "1808"]

1. e4 c6 2. Nf3 d5 3. e5 Bf5 4. d3 e6 5. Bg5 Be7 6. Bxe7 Nxe7 7. d4 O-O 8. Na3
f6 9. Qd2 b6 10. Bd3 Bg6 11. Nh4 Bxd3 12. Qxd3 a6 13. O-O-O fxe5 14. f3 Nf5 15.
Nxf5 Rxf5 16. g4 Rf4 17. dxe5 Qg5 18. Kb1 c5 0-1